| 000 | 00507nam a2200205Ia 4500 | ||
|---|---|---|---|
| 003 | OSt | ||
| 005 | 20260219094251.0 | ||
| 008 | 210210b1968 xxu||||| |||| 00| 0 eng d | ||
| 040 | _cAL | ||
| 041 | _aEnglish | ||
| 082 | _a813.5 COZM | ||
| 100 |
_aJames Gould Cozzens _9138144 |
||
| 245 | _aMorning noon and night | ||
| 260 |
_aN Y _bHarcourt Brace & World _c1968 |
||
| 300 | _avi,408p | ||
| 650 |
_aFiction _9138145 |
||
| 690 |
_aAmerican English Fiction _9138146 |
||
| 906 | _a027692 | ||
| 942 |
_2ddc _cBK |
||
| 999 |
_c78972 _d78972 |
||